000 00706nam a22002777a 4500
001 BR9901671
003 BR-BrBNA
005 20230928100315.0
007 ta
008 230509b bl.||||| |||| 00| 0 por d
040 _aBR-BrBNA
_bpor
_cBiblioteca Nacional de Agricultura
041 _a(Por)
072 _aQ02; E80
_b9430
090 _ 9430 BR9901671
100 1 _aAlzugaray, D.
100 1 _aAlzugaray, C.(eds.)
245 1 _aAprenda a fazer queijos
260 3 _aSao Paulo, SP (Brasil):
_bEd. Tres Ltda.,
_c1991.
300 _a80 p.
500 _a221 illus.
650 _aQueijo
650 _aCulinaria
650 _aProcessamento
909 _a202309
_bLucia
_c55
_dLucia Elande
942 _cBK
999 _c60881
_d60881